[Event "Mittelrhein Verbandsliga-N 17/18"]
[Site "Nordrheinwestfalen"]
[Date "2017.10.22"]
[Round "3.4"]
[White "Karpe, Jan"]
[Black "Udelhofen, Willi"]
[Result "0-1"]
[WhiteElo "1740"]
[BlackElo "1893"]
[PlyCount "72"]
[EventDate "2017.09.10"]
[EventType "team-swiss"]
[EventRounds "11"]
[EventCountry "GER"]
[SourceTitle "EXT 2022"]
[Source "ChessBase"]
[SourceDate "2021.10.06"]
[SourceVersion "1"]
[SourceVersionDate "2021.10.06"]
[SourceQuality "1"]
[WhiteTeam "Gruenfeld"]
[BlackTeam "Eikamp Freibauer"]
[WhiteTeamCountry "GER"]
[BlackTeamCountry "GER"]

1. e4 c5 2. Nf3 Nc6 3. Bb5 d6 4. d4 cxd4 5. Nxd4 Bd7 6. 0-0 Nf6 7. Nc3 a6 8. Nxc6 Bxc6 9. Bxc6+ bxc6 10. Qf3 e5 11. Rd1 Be7 12. Be3 0-0 13. Qe2 Qa5 14. Rd3 Rab8 15. Bd2 Qc7 16. b3 Rfd8 17. Rd1 d5 18. exd5 cxd5 19. Bg5 d4 20. Bxf6 Bxf6 21. Ne4 Be7 22. Rg3 Rb6 23. Rgd3 Rc6 24. Rc1 Ba3 25. Rcd1 Rxc2 26. Qg4 Rc6 27. h4 Qd7 28. Qf3 f5 29. Ng3 g6 30. Qe2 Qc7 31. h5 Rc2 32. R3d2 Rxd2 33. Rxd2 Rc8 34. h6 a5 35. Nf1 Bc1 36. Rd1 Bxh6 0-1

[Event "Regionalliga Mittelrhein 1213"]
[Site "Germany"]
[Date "2013.05.05"]
[Round "10.8"]
[White "Karpe, Jan"]
[Black "Graf, Peter"]
[Result "0-1"]
[WhiteElo "1695"]
[BlackElo "1988"]
[PlyCount "90"]
[EventDate "2012.09.09"]
[EventType "team"]
[EventRounds "11"]
[EventCountry "GER"]
[SourceTitle "EXT 2015"]
[Source "ChessBase"]
[SourceDate "2014.11.20"]
[SourceVersion "1"]
[SourceVersionDate "2014.11.20"]
[SourceQuality "1"]
[WhiteTeam "Gruenfeld"]
[BlackTeam "Koeln SF II"]
[WhiteTeamCountry "GER"]
[BlackTeamCountry "GER"]

1. e4 e5 2. Nf3 Nc6 3. Nc3 Nf6 4. d4 exd4 5. Nxd4 Bb4 6. Nxc6 bxc6 7. Bd3 d6 8. 0-0 0-0 9. Bg5 h6 10. Bh4 g5 11. Bg3 Bg4 12. f3 Bh5 13. a3 Ba5 14. Qd2 d5 15. exd5 Nxd5 16. b4 Bb6+ 17. Bf2 Qf6 18. Ne4 Qf4 19. Qxf4 Nxf4 20. Bc4 Kg7 21. Nc5 Bg6 22. Bd4+ Kh7 23. c3 Rfd8 24. Rfe1 Nd5 25. Ra2 a5 26. Rae2 axb4 27. axb4 Nxb4 28. Nb3 Nc2 29. Rxc2 Bxc2 30. Re7 Bxb3 31. Bxb3 Bxd4+ 32. cxd4 Rxd4 33. Rxf7+ Kg6 34. Rxc7 Rd6 35. Bc2+ Kf6 36. Be4 Ra6 37. Kf2 Ke5 38. Kg3 Kd4 39. h4 gxh4+ 40. Kxh4 c5 41. g4 c4 42. g5 hxg5+ 43. Kxg5 Ra5+ 44. Kf4 c3 45. Rc6 Rxc6 0-1

[Event "Regionalliga Mittelrhein 1213"]
[Site "Germany"]
[Date "2013.04.14"]
[Round "9.7"]
[White "Karpe, Jan"]
[Black "Blagojevic, Lubo"]
[Result "0-1"]
[WhiteElo "1695"]
[BlackElo "2002"]
[PlyCount "92"]
[EventDate "2012.09.09"]
[EventType "team"]
[EventRounds "11"]
[EventCountry "GER"]
[SourceTitle "EXT 2015"]
[Source "ChessBase"]
[SourceDate "2014.11.20"]
[SourceVersion "1"]
[SourceVersionDate "2014.11.20"]
[SourceQuality "1"]
[WhiteTeam "Gruenfeld"]
[BlackTeam "Wuerselen"]
[WhiteTeamCountry "GER"]
[BlackTeamCountry "GER"]

1. e4 e5 2. Nf3 d6 3. d4 exd4 4. Qxd4 Nc6 5. Bb5 Bd7 6. Bxc6 Bxc6 7. Nc3 Nf6 8. Bf4 Be7 9. 0-0-0 0-0 10. Rhe1 Nd7 11. Nd5 Bf6 12. Nxf6+ Qxf6 13. Qxf6 Nxf6 14. Nd2 Rae8 15. f3 Re6 16. Nb3 Nh5 17. Be3 Rfe8 18. Nd4 R6e7 19. g4 Nf6 20. Bg5 d5 21. Bxf6 gxf6 22. Nxc6 bxc6 23. Rd4 Kg7 24. Kd2 Kg6 25. Ke3 Kg5 26. h4+ Kg6 27. h5+ Kg5 28. Rg1 dxe4 29. Rxe4 Rxe4+ 30. fxe4 Rd8 31. Rg2 Rd1 32. Ke2 Rc1 33. Ke3 Rf1 34. Rd2 Kxg4 35. h6 Kg5 36. Rh2 Rg1 37. b3 Kg6 38. Kd4 Rg5 39. Re2 f5 40. Ke5 fxe4+ 41. Kxe4 Rh5 42. Rd2 Rxh6 43. Rd7 f5+ 44. Kd3 Kg5 45. Rxc7 Kf4 46. Rxc6 Rxc6 0-1

[Event "Regionalliga Mittelrhein 1011"]
[Site "Germany"]
[Date "2010.10.24"]
[Round "1.8"]
[White "Fokken, Achim"]
[Black "Karpe, Jan"]
[Result "1-0"]
[WhiteElo "1981"]
[BlackElo "1656"]
[PlyCount "39"]
[EventDate "2010.10.24"]
[EventType "team"]
[EventRounds "9"]
[EventCountry "GER"]
[SourceTitle "EXT 2015"]
[Source "ChessBase"]
[SourceDate "2014.11.20"]
[SourceVersion "1"]
[SourceVersionDate "2014.11.20"]
[SourceQuality "1"]
[WhiteTeam "Koeln Ford SF"]
[BlackTeam "Gruenfeld"]
[WhiteTeamCountry "GER"]
[BlackTeamCountry "GER"]

1. e4 c5 2. d4 cxd4 3. c3 dxc3 4. Nxc3 e6 5. Bc4 Nc6 6. Nf3 Bb4 7. 0-0 Bxc3 8. bxc3 Qc7 9. Ba3 Nge7 10. Bd6 Qa5 11. Qd3 0-0 12. Nd4 Ne5 13. Qg3 Nxc4 14. Bxe7 Re8 15. Bf6 g6 16. e5 h6 17. Rfe1 b6 18. Re4 Bb7 19. Rh4 Kh7 20. Rxh6+ 1-0